| 000 | 00877nam a22002297a 4500 | ||
|---|---|---|---|
| 999 |
_c22672 _d22672 |
||
| 003 | AR-CdUCM | ||
| 008 | 190322b ||||| |||| 00| 0 spa d | ||
| 020 | _a9786124720031 | ||
| 040 |
_aMUNICIPALIDAD PROVINCIAL DEL CUSCO _cBIBLIOTECA MUNICIPAL DEL CUSCO |
||
| 082 |
_a985.62/D74 _bD74 |
||
| 100 |
_aDomínguez Faura, Nicanor _946394 |
||
| 245 |
_aAproximaciones a la historia de Puno y del altiplano / _cNicanor Domínguez Faura |
||
| 260 |
_aPuno : _bDirección Desconcentrada de Cultura de Puno. _c2017. |
||
| 300 |
_a377 páginas. : _bilustraciones, mapas ; _c21 cm. |
||
| 440 |
_aPuno esencial ; _n3 _948842 |
||
| 650 |
_aHistoria de Puno _943537 |
||
| 650 |
_aPuno Perú _917146 |
||
| 700 |
_aEspezúa Salmón, Boris _eEditor _948843 |
||
| 710 |
_aMinisterio de Cultura Perú _bDirección Desconcentrada de Cultura de Puno _948844 |
||
| 942 |
_2ddc _cLIBROS |
||
| 945 | _arac | ||